| 000 | 00360nam a2200121Ia 4500 | ||
|---|---|---|---|
| 008 | 230907s9999||||xx |||||||||||||| ||und|| | ||
| 082 |
_a621.3 _bHIN, |
||
| 100 |
_aHingorani, Narain G _9115367 |
||
| 245 | 0 | _aUnderstanding FACTS : concepts and technology of flexible AC transmission systems | |
| 260 |
_aWiley _bNew Delhi _c2017 |
||
| 300 | _a429p. | ||
| 942 | _cBK | ||
| 999 |
_c598247 _d598247 |
||